000 00629nam a2200229Ia 4500
005 20240307112130.0
008 131103s9999 xx 000 0 und d
020 _aSBN 34006941 4
_c20 s net
040 _aLoreto College
041 _aEnglish
082 _a371.4
_bDAV
100 _aDavies, Bernard D.
245 4 _aThe Social Education of the Adolescent,
_cBernard D. Davies and Alan Gibson
260 _aLondon
_bUniversity of London Press
_c1967
300 _a256 p.
504 _aIncludes index
650 _aEducation
651 _aSocial Education
700 _aGibson, Alan
850 _aLCLIB
942 _cBK
999 _c2869
_d53348